Отраслевая рабочая схема УДК по полиграфической промышленности, издательскому делу, книжной торговле и смежным отраслям : (Record no. 350783)
[ view plain ]
| 000 -LEADER | |
|---|---|
| fixed length control field | 01660nam a2200217 a 4500 |
| 001 - CONTROL NUMBER | |
| control field | 001084623 |
| 003 - CONTROL NUMBER IDENTIFIER | |
| control field | AM-YeHGA |
| 005 - DATE AND TIME OF LATEST TRANSACTION | |
| control field | 20250617151420.0 |
| 008 - FIXED-LENGTH DATA ELEMENTS--GENERAL INFORMATION | |
| fixed length control field | 150608s1976 ru 000 0 rus d |
| 040 ## - CATALOGING SOURCE | |
| Original cataloging agency | AM-YeHGA |
| 041 0# - LANGUAGE CODE | |
| Language code of text/sound track or separate title | rus |
| 090 ## - LOCALLY ASSIGNED LC-TYPE CALL NUMBER (OCLC); LOCAL CALL NUMBER (RLIN) | |
| -- | 352595 |
| 245 00 - TITLE STATEMENT | |
| Title | Отраслевая рабочая схема УДК по полиграфической промышленности, издательскому делу, книжной торговле и смежным отраслям : |
| Remainder of title | В пяти частях / |
| Statement of responsibility, etc. | Гос. ком. Совета Министров СССР по делам изд-в, полиграфии и книжной торговли. Всесоюз. книжная палата; Сост.: Т.Ф. Больбат. |
| 260 ## - PUBLICATION, DISTRIBUTION, ETC. | |
| Place of publication, distribution, etc. | Москва : |
| Name of publisher, distributor, etc. | Книга, |
| Date of publication, distribution, etc. | 1976. |
| 300 ## - PHYSICAL DESCRIPTION | |
| Extent | часть. |
| 505 00 - FORMATTED CONTENTS NOTE | |
| Miscellaneous information | Ч. 1 (1976, 56 с.) |
| Title | Методика классификации. Вспомогательные таблицы |
| Miscellaneous information | Ч. 2 (1976, 84 с.) |
| Title | Таблицы основных индексов |
| Miscellaneous information | Ч. 3 (1976, 108 с.) |
| Title | Таблицы основных индексов |
| Miscellaneous information | Ч. 4 (1976, 136 с.) |
| Title | Таблицы основных индексов |
| Miscellaneous information | Ч. 5 (1976, 176 с.) |
| Title | Алфавитно-предметный указатель |
| 650 14 - SUBJECT ADDED ENTRY--TOPICAL TERM | |
| Topical term or geographic name entry element | Универсальная десятичная классификация |
| 700 1# - ADDED ENTRY--PERSONAL NAME | |
| Personal name | Больбат, Т.Ф. |
| Relator term | сост. |
| Relationship | com |
| 710 2# - ADDED ENTRY--CORPORATE NAME | |
| Corporate name or jurisdiction name as entry element | Государственный комитет Совета Министров СССР по делам издательств, полиграфии и книжной торговли |
| 710 2# - ADDED ENTRY--CORPORATE NAME | |
| Corporate name or jurisdiction name as entry element | Всесоюзная книжная палата |
| Withdrawn status | Lost status | Source of classification or shelving scheme | Damaged status | Not for loan | Collection | Home library | Current library | Date acquired | Serial enumeration / chronology | Total checkouts | Full call number | Barcode | Date last seen | Price effective from | Koha item type | Public note |
|---|---|---|---|---|---|---|---|---|---|---|---|---|---|---|---|---|
| Universal Decimal Classification | General | Fundamental Scientific Library | Fundamental Scientific Library | 11/01/2017 | Ч. 1 | PII/370948 | FL0341640 | 11/01/2017 | 11/01/2017 | Գրքեր / Books | 30 Days Loan | |||||
| Universal Decimal Classification | General | Fundamental Scientific Library | Fundamental Scientific Library | 11/01/2017 | Ч. 2 | PII/370949 | FL0341641 | 11/01/2017 | 11/01/2017 | Գրքեր / Books | 30 Days Loan | |||||
| Universal Decimal Classification | General | Fundamental Scientific Library | Fundamental Scientific Library | 11/01/2017 | Ч. 4 | PII/370950 | FL0341642 | 11/01/2017 | 11/01/2017 | Գրքեր / Books | 30 Days Loan | |||||
| Universal Decimal Classification | General | Fundamental Scientific Library | Fundamental Scientific Library | 11/01/2017 | Ч. 3 | PII/371139 | FL0342256 | 11/01/2017 | 11/01/2017 | Գրքեր / Books | 30 Days Loan | |||||
| Universal Decimal Classification | General | Fundamental Scientific Library | Fundamental Scientific Library | 11/01/2017 | Ч. 5 | PII/371158 | FL0342275 | 11/01/2017 | 11/01/2017 | Գրքեր / Books | 30 Days Loan |
ՀՀ Գիտությունների ազգային ակադեմիայի հիմնարար գիտական գրադարան = Fundamental Scientific Library of NAS RA
All site content, except where otherwise noted, is licensed under a